000 00490nam a2200169Ia 4500
999 _c11205
_d11205
003 OSt
005 20200811121737.0
008 190216s9999||||xx |||||||||||||| ||und||
020 _a9788187134381
040 _coclc
082 _a311
_bMUK/A
100 _aMukhopadhyay, Parimal
_93954
245 0 _aApplied Statistics /
_cParimal Mukhopadhyay
260 _bBooks And Allied Pvt Ltd,
_c2011.
_aKolkata:
300 _a757p
942 _cBK
_2ddc
_h311
_iMUK/A
_k311
_mMUK/A